| 000 | 00398nam a22001577a 4500 | ||
|---|---|---|---|
| 003 | OSt | ||
| 005 | 20211110115340.0 | ||
| 008 | 211110b |||||||| |||| 00| 0 eng d | ||
| 040 | _cHawassa University | ||
| 050 |
_a641.1/SWA _b2 |
||
| 082 |
_a641.1/SWA _b2 |
||
| 100 |
_aSwaminathan,M. _917080 |
||
| 245 | _aEssentials of Food and Nutrition | ||
| 260 | _bGanesh and Company | ||
| 942 |
_2ddc _cBOOKS _n0 |
||
| 999 |
_c17492 _d17492 |
||